000
00342nam a2200145Ia 4500
008
150301s2015 xx 000 0 und d
082
_a
551.5152
_b
B15R
100
_a
RAO, SRIDHAR
245
_a
BIOSTATISTICS FOR PHARMACY STUDENT
250
_a
2ND
260
_b
AITBS DELHI
300
_a
170
650
_a
BIOSTATISTICS
942
_2
ddc
_c
BK
_0
5
999
_c
7274
_d
7274